Statistics for Capital Cities by Photos #3

Click here to take the quiz!

General Stats

  • This quiz has been taken 38 times
  • The average score is 7 of 12

Answer Stats

Answer% Correct
Kuala Lumpur
84%
Tehran
72%
Helsinki
66%
Singapore
66%
Ottawa
63%
Abu Dhabi
59%
Prague
59%
Astana
50%
Oslo
50%
Belgrade
47%
Wellington
34%
Sarajevo
19%

Score Distribution

Percentile by Number Answered

Percent of People with Each Score

Your Score History

You have not taken this quiz